000 02425nam a22002297a 4500
008 260112b |||||||| |||| 00| 0 eng d
020 _a9781800649392
040 _ctbs
041 _aeng
050 _aQA273
100 _aNavarro, Danielle J.
_926592
_eauthor
245 _aLearning statistics with Jamovi
_b: a tutorial for beginners in statistical analysis
_c/ Danielle J. Navarro and David R. Foxcroft.
260 _aCambridge, UK :
_bOpen Book Publishers,
_c2025.
300 _a495 pages :
_billustrations, charts, tables (some color).
505 _aWhy do we learn statistics — A brief introduction to research design — Getting started with jamovi — Descriptive statistics — Drawing graphs — Pragmatic matters — Introduction to probability — Estimating unknown quantities from a sample — Hypothesis testing — Categorical data analysis — Comparing two means — Correlation and linear regression — Comparing several means (one-way ANOVA) — Factorial ANOVA — Factor Analysis — Bayesian statistics.
520 _aBased on Danielle Navarro's widely acclaimed and prize-winning book Learning Statistics with R, this elegantly designed textbook offers undergraduate students a thorough and accessible introduction to jamovi, as well as how to get to grips with statistics and data manipulation. Lucid and easy to understand, Learning Statistics with jamovi covers the analysis of contingency tables, t-tests, correlation, regression, ANOVA and factor analysis, while also giving students a firm grounding in descriptive statistics and graphing. It includes learning aids for applying statistical principles using the jamovi interface, as well as embedded data files to accompany the book, and comprehensive chapters on probability theory, sampling and estimation, and null hypothesis testing. Freely available in open access, Learning Statistics with jamovi is an ideal introduction for undergraduate and postgraduate students of psychology, as well as behavioural and health science students and anyone who needs to understand and use statistical analysis in their work.
650 0 _aJamovi (Computer file)
_vTextbooks
_926593
650 0 _aStatistics
_xTextbooks
_92168
700 _aFoxcroft, David R.
_926594
_eauthor
856 _uhttps://www.openbookpublishers.com/books/10.11647/obp.0333
_zOpen-access book published under the Creative Commons CC BY-SA 4.0 license
942 _2lcc
999 _c5205
_d5205